000 00747cam a2200277 4500500
005 20260405003626.0
041 _afre
042 _adc
100 1 0 _aLacroix, Alexandre
_eauthor
245 0 0 _aLe meilleur est à l’intérieur
260 _c2023.
500 _a74
690 _aGeorges Bataille
690 _aHabitat
690 _aLogement
690 _aMaison
690 _aMénage
690 _aOrdre
690 _aRangement
690 _aroman
690 _aThomas Clerc
690 _aTravail domestique
690 _aWC
786 0 _nPhilosophie magazine | 166 | 1 | 2023-02-01 | p. 23-24 | 1951-1787
856 4 1 _uhttps://shs.cairn.info/magazine-philosophie-magazine-2023-1-page-23?lang=fr&redirect-ssocas=7080
999 _c2069404
_d2069404